Statistics for PFA Teams of the Year 2000s

Click here to take the quiz!

General Stats

  • This quiz has been taken 81 times
  • The average score is 79 of 110

Answer Stats

HintAnswer% Correct
Season 4 | Season 5 | Season 6Ashley Cole
97%
Season 7Joe Cole
97%
Season 5 | Season 6 | Season 7Frank Lampard
97%
Season 10 | Season 8Edwin van der Sar
97%
Season 6Petr Čech
97%
Season 1Andy Cole
97%
Season 5 | Season 6 | Season 7John Terry
95%
Season 6 | Season 8Gary Neville
95%
Season 10 | Season 3 | Season 6 | +2 othersRio Ferdinand
92%
Season 2 | Season 3 | Season 4 | +3 othersThierry Henry
92%
Season 10 | Season 2 | Season 3 | Season 8Ryan Giggs
92%
Season 10 | Season 2 | Season 5 | +4 othersSteven Gerrard
92%
Season 8Didier Drogba
92%
Season 4 | Season 8Paul Scholes
89%
Season 7Wayne Rooney
89%
Season 1 | Season 2 | Season 3 | +2 othersPatrick Vieira
89%
Season 1 | Season 2 | Season 3Roy Keane
87%
Season 10 | Season 8 | Season 9Nemanja Vidić
87%
Season 3 | Season 5Ruud van Nistelrooy
84%
Season 10 | Season 7 | Season 8 | Season 9Cristiano Ronaldo
84%
Season 2 | Season 4Stephen Carr
82%
Season 10 | Season 8Patrice Evra
82%
Season 4 | Season 5Sol Campbell
79%
Season 10 | Season 9Fernando Torres
76%
Season 3 | Season 4 | Season 5Robert Pirès
76%
Season 4Alan Shearer
76%
Season 1David Beckham
71%
Season 7Jamie Carragher
66%
Season 2Fabien Barthez
63%
Season 10Nicolas Anelka
61%
Season 8Dimitar Berbatov
61%
Season 2Teddy Sheringham
61%
Season 9David James
58%
Season 1 | Season 2Jaap Stam
55%
Season 2Wes Brown
53%
Season 9Cesc Fàbregas
53%
Season 6Andrew Johnson
50%
Season 10Glen Johnson
50%
Season 6Arjen Robben
45%
Season 3 | Season 7Shay Given
45%
Season 5Lauren
42%
Season 1 | Season 3Sami Hyypiä
42%
Season 6Shaun Wright-Phillips
39%
Season 3Wayne Bridge
39%
Season 4 | Season 7William Gallas
37%
Season 9Emmanuel Adebayor
37%
Season 1Kevin Phillips
34%
Season 5Tim Howard
34%
Season 9Bacary Sagna
32%
Season 9Gaël Clichy
29%
Season 1Nigel Martyn
26%
Season 1Harry Kewell
26%
Season 4Brad Friedel
24%
Season 10 | Season 9Ashley Young
24%
Season 3Steve Finnan
21%
Season 1Ian Harte
16%
Season 4Kieron Dyer
13%
Season 1Gary Kelly
11%
Season 2Sylvinho
11%
Season 7Pascal Chimbonda
8%

Score Distribution

Percentile by Number Answered

Percent of People with Each Score

Your Score History

You have not taken this quiz